| 000 | 00739cab a2200217 4500 | ||
|---|---|---|---|
| 001 | WB2747-39 | ||
| 008 | 090401t xxu||||| |||| 00| 0 eng d | ||
| 035 | _a(Sirsi) u56465 | ||
| 041 | _aeng | ||
| 245 | _aBusiness rates - 1995 revaluation | ||
| 260 | _c(752) 28 November 1991(1) | ||
| 350 | _a0 | ||
| 490 |
_aDoE News Release _v(752) 28 November 1991(1) |
||
| 520 | _aThe antecedent date for 1995 non-domestic rates revaluation, as provided for in the Local Government Finance Act 1988, has been announced by the Secretary of State as 1 April 1993. | ||
| 650 | _aCOMMON VALUATION DATE | ||
| 650 | _aNON-DOMESTIC RATES | ||
| 650 | _aRATING REVALUATION 1995 | ||
| 690 | _aRATING AND VALUATION | ||
| 942 | _n0 | ||
| 948 | _c04/03/1997 | ||
| 999 |
_c34434 _d34434 |
||